| 000 | 00385nam a2200157Ia 4500 | ||
|---|---|---|---|
| 008 | 121005t2005 xxu||||| |||| 00| 0 sin d | ||
| 041 | _asin | ||
| 080 |
_ax 8 S 3 (Youth) _bRAN |
||
| 245 | _aභාවනාව | ||
| 246 | _aBhawanawa | ||
| 260 |
_aM. D. Gunasena _aColombo _c2005 |
||
| 300 | _b172p, 18 cm | ||
| 942 | _cBK | ||
| 999 |
_c41070 _d41070 |
||
| 003 | LK-CoDNM | ||
| 040 |
_aLK-CoDNM _dLK-CoDNM _eLK-CoDNM |
||